| 000 | 02253cam a22003494a 4500 | ||
|---|---|---|---|
| 001 | 15929270 | ||
| 003 | OSt | ||
| 005 | 20210414113929.0 | ||
| 008 | 091001s2010 nyua b 001 0 eng | ||
| 010 | _a 2009037477 | ||
| 020 | _a9780071633550 | ||
| 020 | _a0071633553 | ||
| 040 |
_aDLC _cDLC _dDLC |
||
| 050 | 0 | 0 | _aTK5105.5.H318 |
| 082 | 0 | 0 |
_a004.6 _222 |
| 100 | 1 |
_aHallberg, Bruce A., _d1964- |
|
| 245 | 1 | 0 |
_aNetworking :a beginner's guide / _cBruce Hallberg. |
| 250 | _a5th ed. | ||
| 260 |
_aNew York : _bMcGraw-Hill, _cc2010. |
||
| 300 |
_axviii, 430 p. : _bill. ; _c23 cm. |
||
| 490 | 0 | _aNetwork professional's library | |
| 504 | _aIncludes bibliographical references and index. | ||
| 505 | _aContents: The Business of networking -- Laying the foundations --Understanding networking -- Understanding network cabling -- Home networking -- Understanding network hardware -- Making wan connections -- Understanding network protocols -- Exploring directory services -- Connections from afar: remote network access -- Securing your network -- Network disaster recovery -- Network servers: everything you wanted to know but were afraid to ask -- Purchasing and managing client computers -- Designing a network -- Installing and setting up windows server 2008 -- Administering windows server 2008: the basics -- Introducing exchange server 2010 -- Understanding other windows server 2008 services -- Installing linux -- Introdution to linux systems administration -- Setting up a linux web server with apache -- Introduction to virtualization -- Understanding the sarbanes-oxley act. | ||
| 650 | 0 | _aComputer networks. | |
| 650 | 0 | _aInternetworking (Telecommunication) | |
| 856 | 4 | 2 |
_3Contributor biographical information _uhttp://www.loc.gov/catdir/enhancements/fy1001/2009037477-b.html |
| 856 | 4 | 2 |
_3Publisher description _uhttp://www.loc.gov/catdir/enhancements/fy1001/2009037477-d.html |
| 856 | 4 | 1 |
_3Table of contents only _uhttp://www.loc.gov/catdir/enhancements/fy1001/2009037477-t.html |
| 906 |
_a7 _bcbc _corignew _d1 _eecip _f20 _gy-gencatlg |
||
| 942 |
_2lcc _cBK |
||
| 999 |
_c757 _d8257 |
||